Havelis: The Living Tradition (Record no. 356799)
[ view plain ]
| 000 -LEADER | |
|---|---|
| fixed length control field | 00633nam a22001817a 4500 |
| 005 - DATE AND TIME OF LATEST TRANSACTION | |
| control field | 20231228123747.0 |
| 008 - FIXED-LENGTH DATA ELEMENTS--GENERAL INFORMATION | |
| fixed length control field | 231228b |||||||| |||| 00| 0 eng d |
| 020 ## - INTERNATIONAL STANDARD BOOK NUMBER | |
| International Standard Book Number | 9788182900127 |
| 041 ## - LANGUAGE CODE | |
| Language code of text/sound track or separate title | Eng. |
| 082 ## - DEWEY DECIMAL CLASSIFICATION NUMBER | |
| Classification number | 720.91 |
| Item number | JAN |
| 100 ## - MAIN ENTRY--PERSONAL NAME | |
| Author | Jain S. |
| 245 ## - TITLE STATEMENT | |
| Title | Havelis: The Living Tradition |
| 260 ## - PUBLICATION, DISTRIBUTION, ETC. | |
| Place of publication, distribution, etc. | Haryana, India |
| Name of publisher, distributor, etc. | Shubhi Publications |
| Date of publication, distribution, etc. | 2020 |
| 300 ## - PHYSICAL DESCRIPTION | |
| Extent | 196p |
| Other physical details | HB |
| Dimensions | 30 x 21 cm |
| 365 ## - TRADE PRICE | |
| Price type code | INR |
| Price amount | 3500.00 |
| Currency code | Rupaye |
| 500 ## - GENERAL NOTE | |
| Keywords | 1) Introducing the Place, Patrons and the Archetype<br/>2) Haveli, Neighborhood and Town <br/>3) Rituals and Spaces inside the Haveli<br/>4) Composing the Haveli<br/>5) Building the Haveli |
| 942 ## - ADDED ENTRY ELEMENTS (KOHA) | |
| Koha item type | Books |
| Withdrawn status | Lost status | Source of classification or shelving scheme | Damaged status | Not for loan | Home library | Current library | Date acquired | Vendor | Budget Code | Net Price | Bill number | Full call number | Barcode | Date last seen | Discount | Actual Price | Bill Date | Koha item type |
|---|---|---|---|---|---|---|---|---|---|---|---|---|---|---|---|---|---|---|
| Dewey Decimal Classification | Dr. Bhanuben Nanavati College of Architecture | Dr. Bhanuben Nanavati College of Architecture | 28/12/2023 | Metro Books | B.Arch. | 2205.00 | 2436 | 720.91 JAN | BNCA-BK-12493 | 28/12/2023 | 37% | 3500.00 | 02/11/2023 | Reference book |